| 000 | 003620000a22001090004500 | ||
|---|---|---|---|
| 090 |
_aAS _bSeriadas |
||
| 245 | 1 | 0 | _aRevisión del status zoogeográfico y redescripción de Odontophorus strophium (<Gould>) (<Aves: Phasianidae>) |
| 041 | 0 | _aEspañol | |
| 100 | 1 |
_aRomero Zambrano, Hernando _993556 |
|
| 942 | _cARTICULO | ||
| 773 | 1 |
_tCaldasia _345 _h65 _q777-786 _d1983 _g13 |
|
| 999 |
_c14863 _d14863 |
||